000 00404nam a2200157Ia 4500
008 210716s2003 xx 000 0 und d
020 _a8178812258
041 _aeng
082 _a332.632 RAJE
100 _aCH, Rajeshwer; SA, Easwar.
245 _aRed flags in financial reporting.
250 _a1
260 _aHyderabad
_bICFAI University Press
_c2003
300 _aii,252,A10
650 _aFinance
999 _c202409
_d202409